000
00256nam a2200121Ia 4500
100
_a
Rusinoff/S.E
942
_c
BK
654
_a
Forging
245
_a
Forging And Forming Metals
260
_b
D B Taraporevala.
082
_a
671.3
_b
rus
546
_a
ENGLISH
999
_c
22676
_d
22676